Welcome to the Holygrace Academy Library

Please use search bar below to get started

YES I CAN (Record no. 5310)

MARC details
000 -LEADER
fixed length control field 00264nam a22001217a 4500
082 ## - DEWEY DECIMAL CLASSIFICATION NUMBER
Classification number 158
Item number JOH/Y
100 ## - MAIN ENTRY--AUTHOR NAME
Personal name JOHN,GODLY
245 ## - TITLE STATEMENT
Title YES I CAN
260 ## - PUBLICATION, DISTRIBUTION, ETC. (IMPRINT)
Place of publication KOCHI
Name of publisher LIFE FOCUS FOUNDATION
300 ## - PHYSICAL DESCRIPTION
Number of Pages 121
650 ## - SUBJECT ADDED ENTRY--TOPICAL TERM
Topical Term PERSONALITY DEVELOPMENT
Geographic subdivision KOCHI
942 ## - ADDED ENTRY ELEMENTS (KOHA)
Koha item type Books
Holdings
Withdrawn status Lost status Collection code Home library Current library Shelving location Date acquired Source of acquisition Full call number Accession Number Koha item type
    Reference Main Library Main Library SHELF-17H-PERSONALITY DEVELOPMENT BOOKS 27/10/2017 PURCHASE 158 JOH/Y 10123 Books
    Reference Main Library Main Library SHELF-17H-PERSONALITY DEVELOPMENT BOOKS 16/12/2019 PURCHASE 158 JOH/Y 12311 Books